Pendebungaan

Bibliographic Details
Main Author: Bennett, Paul
Format: Book
Published: Petaling Jaya : Pan Earth , 1995
Series:Rahsia alam semulajadi
Subjects:

MARC

LEADER 00000cam a2200000 7i4500
001 0000006270
002 000006768
005 20051229.0
020 |a 983750353X 
090 0 0 |a 500   |b BEN 
100 1 |a Bennett, Paul 
245 1 0 |a Pendebungaan   |c Paul Bennett ; penterjemah Nurazizan Abdul Aziz 
260 |a Petaling Jaya :   |b Pan Earth ,   |c 1995 
300 |a 31p. :   |b ill. ;   |c 27cm. 
490 0 |a Rahsia alam semulajadi 
650 0 0 |a Plants   |x Growth 
999 |a 039134   |b BUKU   |c JUNIOR BOOKS   |e PERPUSTAKAAN KOMUNITI CAW KOTA DAMANSARA 
999 |a 039135   |b BUKU   |c PINJAMAN   |e PERPUSTAKAAN KOMUNITI PETALING JAYA 
999 |a 039136   |b BUKU   |c JUNIOR BOOKS   |e PERPUSTAKAAN KOMUNITI CAW KOTA DAMANSARA